[Event "Liptovsky Mikulas V4 U11 op"]
[Site "Liptovsky Mikulas"]
[Date "2017.06.24"]
[Round "7"]
[White "Vinarskaia, Marta"]
[Black "Holestiakova, Lubana"]
[Result "1-0"]
[WhiteElo "1000"]
[BlackElo "1043"]
[PlyCount "61"]
[EventDate "2017.06.22"]
[EventType "swiss"]
[EventRounds "9"]
[EventCountry "SVK"]
[SourceTitle "CBM 179 Extra"]
[Source "ChessBase"]
[SourceDate "2017.08.23"]
[SourceVersion "1"]
[SourceVersionDate "2017.08.23"]
[SourceQuality "1"]

1. e4 e5 2. Nf3 Nc6 3. Bc4 Nf6 4. Nc3 Bb4 5. 0-0 d6 6. Ng5 d5 7. exd5 Ne7 8. d6 Ned5 9. a3 Bxc3 10. bxc3 0-0 11. f3 h6 12. Bd3 hxg5 13. c4 Nb6 14. c5 Nbd7 15. Bc4 Nxc5 16. d3 cxd6 17. Bxg5 Be6 18. Qe1 Bxc4 19. dxc4 Qb6 20. Kh1 Nh5 21. Qh4 g6 22. Rab1 Qa6 23. Bh6 Rfc8 24. Rg1 Qxa3 25. g4 Nf4 26. Rbf1 Ne2 27. Qf6 Ng3+ 28. Rxg3 Ne6 29. Rh3 e4 30. Bc1 Qb4 31. Qh8# 1-0

[Event "Liptovsky Mikulas V4 U11 op"]
[Site "Liptovsky Mikulas"]
[Date "2017.06.23"]
[Round "4"]
[White "Sitar, Andrej"]
[Black "Vinarskaia, Marta"]
[Result "1-0"]
[WhiteElo "1122"]
[BlackElo "1000"]
[PlyCount "84"]
[EventDate "2017.06.22"]
[EventType "swiss"]
[EventRounds "9"]
[EventCountry "SVK"]
[SourceTitle "CBM 179 Extra"]
[Source "ChessBase"]
[SourceDate "2017.08.23"]
[SourceVersion "1"]
[SourceVersionDate "2017.08.23"]
[SourceQuality "1"]

1. e4 e6 2. Nf3 d5 3. Nc3 dxe4 4. Nxe4 f5 5. Nc3 Nf6 6. Bc4 Bc5 7. d3 h6 8. Be3 Qe7 9. 0-0 Nc6 10. Qd2 Bd7 11. Rfe1 0-0-0 12. Rad1 Qd6 13. a3 a5 14. Nb5 Qe7 15. d4 Ne4 16. Qd3 Bd6 17. Nxd6+ Qxd6 18. Bb5 Ng5 19. Bxc6 Bxc6 20. Ne5 Bxg2 21. Kxg2 Qd5+ 22. Kf1 Qh1+ 23. Ke2 Qxh2 24. Rh1 Qg2 25. Rde1 Qd5 26. c3 Qd6 27. Bxg5 hxg5 28. Nf7 Qb6 29. Nxh8 Qxb2+ 30. Ke3 f4+ 31. Kf3 Qb6 32. Nf7 Qc6+ 33. Ke2 a4 34. Nxd8 Qb6 35. Rb1 Qd6 36. Nxb7 f3+ 37. Kd2 Qf4+ 38. Qe3 Qf7 39. Rh8+ Kd7 40. Nc5+ Kd6 41. Qxe6+ Qxe6 42. Nxe6 Kxe6 1-0

[Event "Liptovsky Mikulas V4 U11 op"]
[Site "Liptovsky Mikulas"]
[Date "2017.06.23"]
[Round "5"]
[White "Vinarskaia, Marta"]
[Black "Sevcik, Ondrej"]
[Result "0-1"]
[WhiteElo "1000"]
[BlackElo "1000"]
[PlyCount "30"]
[EventDate "2017.06.22"]
[EventType "swiss"]
[EventRounds "9"]
[EventCountry "SVK"]
[SourceTitle "CBM 179 Extra"]
[Source "ChessBase"]
[SourceDate "2017.08.23"]
[SourceVersion "1"]
[SourceVersionDate "2017.08.23"]
[SourceQuality "1"]

1. e4 e5 2. Nf3 Nc6 3. Bc4 Bc5 4. d3 Nf6 5. Ng5 0-0 6. Nf3 Ng4 7. Bg5 Be7 8. Bd2 d6 9. Nc3 Be6 10. Bg5 Bxg5 11. Nxg5 Qxg5 12. f3 Bxc4 13. fxg4 Be6 14. 0-0 Bxg4 15. Qe1 Nb4 0-1

[Event "Liptovsky Mikulas V4 U11 op"]
[Site "Liptovsky Mikulas"]
[Date "2017.06.22"]
[Round "1"]
[White "Vinarskaia, Marta"]
[Black "Kusa, Stela"]
[Result "0-1"]
[WhiteElo "1000"]
[BlackElo "1062"]
[PlyCount "50"]
[EventDate "2017.06.22"]
[EventType "swiss"]
[EventRounds "9"]
[EventCountry "SVK"]
[SourceTitle "CBM 179 Extra"]
[Source "ChessBase"]
[SourceDate "2017.08.23"]
[SourceVersion "1"]
[SourceVersionDate "2017.08.23"]
[SourceQuality "1"]

1. e4 e5 2. Nf3 Nc6 3. Bc4 Bc5 4. 0-0 Nf6 5. Nc3 d6 6. d3 Bg4 7. Bg5 Nd4 8. Bb5+ c6 9. Bc4 Nxf3+ 10. gxf3 Bh5 11. Kh1 h6 12. Bxf6 Qxf6 13. Rg1 Bxf3+ 14. Rg2 Bxd1 15. Rxd1 Rd8 16. Rf1 Qf3 17. d4 Bxd4 18. Be2 Qf6 19. Nd1 d5 20. Rfg1 g6 21. Rg3 dxe4 22. R3g2 Kd7 23. Bg4+ Kc7 24. c3 Bb6 25. Rf1 Rd3 0-1